| 000 | 00618nam a2200229 a 4500 | ||
|---|---|---|---|
| 001 | nice12345678 | ||
| 003 | IN_TiNIC | ||
| 005 | 20260116014030.0 | ||
| 008 | 100111s2009 cama grp 000 0 eng | ||
| 020 |
_a9780521695459 _c1600 |
||
| 082 | 0 | 0 |
_a341.7588 _bDEL |
| 100 | _aDelanty, Gerard | ||
| 245 |
_aCosmapolotan Imagination _b The Renewal of Critical Social Theort |
||
| 260 |
_aCambridge _bCambridge University Press _c2009 |
||
| 300 | _a296p | ||
| 500 | _aincludes index and biblioraphy | ||
| 650 | _aGlobalization | ||
| 700 | 1 | _aDelanty, Gerard | |
| 902 | _bSRS | ||
| 942 | _cBK | ||
| 999 |
_c13588 _d13588 |
||